| 000 | nam a22 7a 4500 | ||
|---|---|---|---|
| 999 |
_c59706 _d59706 |
||
| 005 | 20210326194135.0 | ||
| 008 | 210326b xxu||||| |||| 00| 0 eng d | ||
| 040 | _aANE | ||
| 041 | _aEs | ||
| 100 | _aGuillem Colom Piella | ||
| 245 | _aEntre la revolución y la transformación la revolución en los asuntos militares | ||
| 300 | _a431 p. | ||
| 856 | _uhttp://documentacion.asambleanacional.gob.ec/alfresco/d/d/workspace/SpacesStore/27eb6071-5a35-42fe-a0e3-db4d3c7f0046/Tesis%20Entre%20la%20revoluci%c3%b3n%20y%20la%20transformaci%c3%b3n%20la%20revoluci%c3%b3n%20en%20los%20asuntos%20militares.pdf | ||
| 942 |
_2ddc _cBV _zNr. |
||